World Rally Championship: Top 3 in Drivers' Championship - Statistics

General Stats
  • This quiz has been taken 651 times
    175 since last reset
  • The average score is 100 of 144
Answer Stats
Year Driver Country % Correct
2012 Sébastien Loeb France
95%
2011 Sébastien Loeb France
95%
2010 Sébastien Loeb France
95%
2009 Sébastien Loeb France
95%
2008 Sébastien Loeb France
95%
2007 Sébastien Loeb France
95%
2006 Sébastien Loeb France
95%
2005 Sébastien Loeb France
95%
2004 Sébastien Loeb France
95%
2003 Sébastien Loeb France
95%
2021 Sébastien Ogier France
92%
2020 Sébastien Ogier France
92%
2018 Sébastien Ogier France
92%
2017 Sébastien Ogier France
92%
2016 Sébastien Ogier France
92%
2015 Sébastien Ogier France
92%
2014 Sébastien Ogier France
92%
2013 Sébastien Ogier France
92%
2019 Sébastien Ogier France
92%
2011 Sébastien Ogier France
92%
1995 Colin McRae UK
91%
2001 Colin McRae UK
91%
1997 Colin McRae UK
91%
1996 Colin McRae UK
91%
1998 Colin McRae UK
91%
1992 Carlos Sainz Spain
89%
1990 Carlos Sainz Spain
89%
1998 Carlos Sainz Spain
89%
1995 Carlos Sainz Spain
89%
1994 Carlos Sainz Spain
89%
1991 Carlos Sainz Spain
89%
2003 Carlos Sainz Spain
89%
2002 Carlos Sainz Spain
89%
2000 Carlos Sainz Spain
89%
1997 Carlos Sainz Spain
89%
1996 Carlos Sainz Spain
89%
2023 Kalle Rovanperä Finland
89%
2022 Kalle Rovanperä Finland
89%
2024 Thierry Neuville Belgium
87%
2019 Thierry Neuville Belgium
87%
2018 Thierry Neuville Belgium
87%
2017 Thierry Neuville Belgium
87%
2016 Thierry Neuville Belgium
87%
2013 Thierry Neuville Belgium
87%
2023 Thierry Neuville Belgium
87%
2022 Thierry Neuville Belgium
87%
2021 Thierry Neuville Belgium
87%
2019 Ott Tänak Estonia
86%
2022 Ott Tänak Estonia
86%
2024 Ott Tänak Estonia
86%
2020 Ott Tänak Estonia
86%
2018 Ott Tänak Estonia
86%
2017 Ott Tänak Estonia
86%
2003 Petter Solberg Norway
85%
2005 Petter Solberg Norway
85%
2004 Petter Solberg Norway
85%
2002 Petter Solberg Norway
85%
2010 Petter Solberg Norway
85%
2002 Marcus Grönholm Finland
79%
2000 Marcus Grönholm Finland
79%
2007 Marcus Grönholm Finland
79%
2006 Marcus Grönholm Finland
79%
2005 Marcus Grönholm Finland
79%
1999 Tommi Mäkinen Finland
78%
1998 Tommi Mäkinen Finland
78%
1997 Tommi Mäkinen Finland
78%
1996 Tommi Mäkinen Finland
78%
2001 Tommi Mäkinen Finland
78%
2024 Elfyn Evans United Kingdom
75%
2023 Elfyn Evans United Kingdom
75%
2021 Elfyn Evans UK
75%
2020 Elfyn Evans UK
75%
1993 Juha Kankkunen Finland
71%
1991 Juha Kankkunen Finland
71%
1987 Juha Kankkunen Finland
71%
1986 Juha Kankkunen Finland
71%
1992 Juha Kankkunen Finland
71%
1994 Juha Kankkunen Finland
71%
1990 Juha Kankkunen Finland
71%
1989 Juha Kankkunen Finland
71%
2001 Richard Burns UK
70%
2000 Richard Burns UK
70%
1999 Richard Burns UK
70%
2015 Jari-Matti Latvala Finland
69%
2014 Jari-Matti Latvala Finland
69%
2010 Jari-Matti Latvala Finland
69%
2013 Jari-Matti Latvala Finland
69%
2012 Jari-Matti Latvala Finland
69%
1994 Didier Auriol France
65%
1990 Didier Auriol France
65%
1999 Didier Auriol France
65%
1993 Didier Auriol France
65%
1992 Didier Auriol France
65%
1991 Didier Auriol France
65%
1981 Ari Vatanen Finland
64%
1982 Walter Röhrl Germany
61%
1980 Walter Röhrl Germany
61%
1983 Walter Röhrl Germany
61%
1985 Walter Röhrl Germany
61%
2009 Dani Sordo Spain
59%
2008 Dani Sordo Spain
59%
1984 Stig Blomqvist Sweden
55%
1985 Stig Blomqvist Sweden
55%
1989 Miki Biasion Italy
54%
1988 Miki Biasion Italy
54%
1987 Miki Biasion Italy
54%
2012 Mikko Hirvonen Finland
54%
2011 Mikko Hirvonen Finland
54%
2009 Mikko Hirvonen Finland
54%
2008 Mikko Hirvonen Finland
54%
2007 Mikko Hirvonen Finland
54%
2006 Mikko Hirvonen Finland
54%
2016 Andreas Mikkelsen Norway
50%
2015 Andreas Mikkelsen Norway
50%
2014 Andreas Mikkelsen Norway
50%
1978 Markku Alén Finland
50%
1988 Markku Alén Finland
50%
1986 Markku Alén Finland
50%
1987 Markku Alén Finland
50%
1984 Markku Alén Finland
50%
1983 Markku Alén Finland
50%
1979 Markku Alén Finland
50%
1985 Timo Salonen Finland
46%
1986 Timo Salonen Finland
46%
1983 Hannu Mikkola Finland
44%
1984 Hannu Mikkola Finland
44%
1980 Hannu Mikkola Finland
44%
1979 Hannu Mikkola Finland
44%
1982 Hannu Mikkola Finland
44%
1981 Hannu Mikkola Finland
44%
1978 Hannu Mikkola Finland
44%
2004 Markko Märtin Estonia
41%
1979 Björn Waldegård Sweden
39%
1977 Björn Waldegård Sweden
39%
1980 Björn Waldegård Sweden
39%
1982 Michéle Mouton France
38%
1977 Sandro Munari Italy
35%
1993 François Delecour France
22%
1995 Kenneth Eriksson Sweden
21%
1977 Bernard Darniche France
8%
1989 Alex Fiorio Italy
7%
1988 Alex Fiorio Italy
7%
1981 Guy Fréquelin France
7%
1978 Jean-Pierre Nicolas France
5%
No matching quizzes found
Score Distribution
Percent of People with Each Score
Percentile by Number Answered
Your Score History
You have not taken this quiz since the last reset